coconut potential in angtasoum commune tramkak district takeo province (សក្តានុពលដំណាំដូង នៅឃុំអង្គតាសោម ស្រុកត្រាំកក់ ខេត្តតាកែវ) (Record no. 914)

000 -LEADER
fixed length control field 00590nam a22001337a 4500
040 ## - CATALOGING SOURCE
Transcribing agency RUA
082 ## - DEWEY DECIMAL CLASSIFICATION NUMBER
Classification number AGR NOU 2009 B041 Or.1
100 ## - MAIN ENTRY--AUTHOR NAME
Personal name NOU, CHHAVY.
245 ## - TITLE STATEMENT
Title coconut potential in angtasoum commune tramkak district takeo province (សក្តានុពលដំណាំដូង នៅឃុំអង្គតាសោម ស្រុកត្រាំកក់ ខេត្តតាកែវ)
260 ## - PUBLICATION, DISTRIBUTION, ETC. (IMPRINT)
Place of publication Phnom Penh
Name of publisher RUA
Year of publication 2009
300 ## - PHYSICAL DESCRIPTION
Number of Pages xiv, 70p.
Other physical details ill.
Dimensions 29cm.
856 ## - ELECTRONIC LOCATION AND ACCESS
Uniform Resource Identifier https://drive.google.com/file/d/1k6TU3IvG9xIYBnNjkxa7vVw5DHv64ZjO/view?usp=sharing
942 ## - ADDED ENTRY ELEMENTS (KOHA)
Koha item type AGR
952 ## - LOCATION AND ITEM INFORMATION (KOHA)
Withdrawn status [LOCAL, KOHA] 0
952 ## - LOCATION AND ITEM INFORMATION (KOHA)
Withdrawn status [LOCAL, KOHA] 0
952 ## - LOCATION AND ITEM INFORMATION (KOHA)
Withdrawn status [LOCAL, KOHA] 0
952 ## - LOCATION AND ITEM INFORMATION (KOHA)
Withdrawn status [LOCAL, KOHA] 0
952 ## - LOCATION AND ITEM INFORMATION (KOHA)
Withdrawn status [LOCAL, KOHA] 0
952 ## - LOCATION AND ITEM INFORMATION (KOHA)
Withdrawn status [LOCAL, KOHA] 0
952 ## - LOCATION AND ITEM INFORMATION (KOHA)
Withdrawn status [LOCAL, KOHA] 0
952 ## - LOCATION AND ITEM INFORMATION (KOHA)
Withdrawn status [LOCAL, KOHA] 0
952 ## - LOCATION AND ITEM INFORMATION (KOHA)
Withdrawn status [LOCAL, KOHA] 0
952 ## - LOCATION AND ITEM INFORMATION (KOHA)
Withdrawn status [LOCAL, KOHA] 0
952 ## - LOCATION AND ITEM INFORMATION (KOHA)
Withdrawn status [LOCAL, KOHA] 0
Holdings
Permanent Location Date acquired Koha item type Lost status Shelving location Barcode Current Location Full call number
Library Block B2015-09-20AGR B041RUA000002Library Block BAGR NOU 2009 B041 Or.1
Library Block B2015-09-20AGR B041RUA000844Library Block BAGR NOU 2009 B041 Or.2
Library Block B2015-09-20AGR B041RUA000797Library Block BAGR NOU 2009 B041 Or.3
Library Block B2015-09-20AGR B041RUA000725Library Block BAGR NOU 2009 B041 Or.4
Library Block B2015-09-20AGR B041RUA000358Library Block BAGR NOU 2009 B041 Or.5
Library Block B2015-09-20AGR B041RUA000075Library Block BAGR NOU 2009 B041 Or.6
Library Block B2015-09-20AGR B041RUA000003Library Block BAGR NOU 2009 B041 Or.7
Library Block B2015-09-20AGR B041RUA000148Library Block BAGR NOU 2009 B041 Or.8
Library Block B2015-09-24AGR B041RUA000393Library Block BAGR NOU 2009 B041 Or.9
Library Block B2019-01-22AGR B1.214A40248Library Block BAGR NOU 2009 B1.214 Or.1
Library Block B2019-02-11AGR B1.218A40692Library Block BAGR NOU 2009 B1.218 Or.1
មជ្ឈមណ្ឌលឯការនៃសាកលវិទ្យាល័យភូមិន្ទកសិកម្មចំការដូង

Powered by Koha